A century of conflict : Communist techniques of world revolution

Wedi'i Gadw mewn:
Manylion Llyfryddiaeth
Prif Awdur: Possony, Stefan Thomas
Fformat: Llyfr
Iaith:Undetermined
Cyhoeddwyd: Chicago H. Regnery 1953
Pynciau:
Tagiau: Ychwanegu Tag
Dim Tagiau, Byddwch y cyntaf i dagio'r cofnod hwn!
Thư viện lưu trữ: Trung tâm Học liệu Trường Đại học Cần Thơ
LEADER 00575nam a2200205Ia 4500
001 CTU_77998
008 210402s9999 xx 000 0 und d
082 |a 335.4 
082 |b P856 
100 |a Possony, Stefan Thomas 
245 2 |a A century of conflict : 
245 0 |b Communist techniques of world revolution 
245 0 |c Stefan Thomas Possony 
260 |a Chicago 
260 |b H. Regnery 
260 |c 1953 
650 |a Revolutions,World politics,Communism 
650 |x History 
904 |i Nguyên 
980 |a Trung tâm Học liệu Trường Đại học Cần Thơ